Statistics for Countries starting with the letter N

Click here to take the quiz!

General Stats

  • This quiz has been taken 41 times
  • The average score is 9 of 11

Answer Stats

Answer% Correct
Nicaragua
92%
Niger
92%
Nigeria
92%
Nauru
89%
North Macedonia
89%
Namibia
87%
Nepal
87%
North Korea
82%
New Zealand
79%
Netherlands
74%
Norway
74%

Score Distribution

Percentile by Number Answered

Percent of People with Each Score

Your Score History

You have not taken this quiz